banner-ar

التدخل المبكر و استراتيجيات الدمج / (Record no. 61848)

MARC details
000 -الفاتح
حقل البيانات ثابتة الطول 00826nam a22002177a 4500
005 - وقت وتاريخ اخر تعامل مع التسجيلة
رقم الضبط 20240530110519.0
008 - عناصر البيانات ثابتة الطول - معلومات عامة
حقل البيانات ثابتة الطول 160215s2013 ua a g b 000 0 ara d
017 ## - رقم الايداع القانونى
رقم الايداع القانونى 1433/7774
المصدر ( الهيئة المختصة) السعودية . مكتبة الملك فهد الوطنية
020 ## - الرقم الدولى المعيارى للكتب
الرقم الدولى المعيارى للكتاب 9786038120217
040 ## - مصدر الفهرسة
وكالة الفهرسة الأصلية EG-CaGPL
082 04 - رقم تصنيف ديوى العشرى
رقم الطبعة 21
رقم التصنيف 371.91\
رقم المادة ع ت
100 0# - المدخل الرئيسى - إسم شخصى
الإسم الشخصى على احمد سيد مصطفى .
245 12 - بيان العنوان
العنوان التدخل المبكر و استراتيجيات الدمج /
بيان المسئوليه,etc على احمد سيد مصطفى ، عبدالله عبدالظاهر .
250 ## - بيان الطبعة
بيان الطبعة ط1.
260 ## - PUBLICATION, DISTRIBUTION, ETC. (IMPRINT)
تاريخ النشر أو التوزيع 2013 .
300 ## - الوصف المادى
التعداد 476 ص ؛
أبعاد الوعاء 24 سم .
504 ## - تبصرة ببليوجرافية
تبصرة ببليوجرافية,الخ ببليوجرافية : ص 459 - 469
650 04 - المدخل الاضافى بالموضوع-مصطلح موضوعى
مصطلح موضوعي المعوقون
التقسيم الفرعي العام تعليم .
942 ## - عناصر المدخل الإضافي( كوها)
مصدر التصنيف او مخطط الترفيف Dewey Decimal Classification
Koha [default] item type كتاب
260 ## - PUBLICATION, DISTRIBUTION, ETC. (IMPRINT)
-- الرياض :
-- دار الزهراء ،
Holdings
حالة التراجع حالة الفقد حالة تلف ليس للاعارة المكان المؤقت الموقع الحالى تاريخ الاكتساب اجمالي اﻻعارات رقم الطلب الباركود تاريخ اخر مشاهدة تاريخ تفعيل السعر نوع وعاء كوها
        مكتبة القاهرة الكبرى مكتبة القاهرة الكبرى 02/15/2016   371.91\ ع ت 161279 02/15/2016 02/15/2016 كتاب

Powered By

EGPV